[Event "Berlin Lichtenberger op 17th"]
[Site "Berlin"]
[Date "2018.08.25"]
[Round "8"]
[White "Boettcher, Patrick"]
[Black "Petersen, Soren Boeck"]
[Result "1/2-1/2"]
[WhiteElo "2100"]
[BlackElo "2212"]
[PlyCount "41"]
[EventDate "2018.08.18"]
[EventType "swiss"]
[EventRounds "9"]
[EventCountry "GER"]
[SourceTitle "CBM 186 Extra"]
[Source "ChessBase"]
[SourceDate "2018.08.24"]
[SourceVersion "1"]
[SourceVersionDate "2018.08.24"]
[SourceQuality "1"]

1. d4 d5 2. c4 dxc4 3. Nf3 Nf6 4. e3 Bg4 5. Bxc4 e6 6. h3 Bh5 7. 0-0 a6 8. Be2 Nc6 9. b3 Bd6 10. Bb2 0-0 11. Nbd2 Qe7 12. Nc4 Rfd8 13. Rc1 Bg6 14. Nh4 Be4 15. Bf3 Bd5 16. Bxd5 exd5 17. Nf5 Qe6 18. Ncxd6 cxd6 19. Ng3 Rac8 20. Ba3 g6 21. Re1 1/2-1/2

[Event "Berlin Lichtenberger op 17th"]
[Site "Berlin"]
[Date "2018.08.22"]
[Round "5"]
[White "Petersen, Soren Boeck"]
[Black "Elsing, Jan"]
[Result "1-0"]
[WhiteElo "2212"]
[BlackElo "2129"]
[PlyCount "57"]
[EventDate "2018.08.18"]
[EventType "swiss"]
[EventRounds "9"]
[EventCountry "GER"]
[SourceTitle "CBM 186 Extra"]
[Source "ChessBase"]
[SourceDate "2018.08.24"]
[SourceVersion "1"]
[SourceVersionDate "2018.08.24"]
[SourceQuality "1"]

1. e4 Nf6 2. e5 Nd5 3. d4 d6 4. Nf3 dxe5 5. Nxe5 c6 6. Be2 Nd7 7. Nf3 e6 8. 0-0 Be7 9. c4 N5f6 10. Nc3 0-0 11. Bf4 b6 12. Qc2 Bb7 13. Rad1 Re8 14. Rfe1 Nf8 15. Ne5 Ng6 16. Bg3 Nd7 17. Nxg6 hxg6 18. Bf3 Nf6 19. Qa4 Qd7 20. d5 exd5 21. cxd5 cxd5 22. Qxd7 Nxd7 23. Nxd5 Bf8 24. Ne7+ Bxe7 25. Bxb7 Rad8 26. Bc6 Nf6 27. Bxe8 Rxd1 28. Rxd1 Nxe8 29. Rd7 1-0

[Event "Berlin Lichtenberger op 16th"]
[Site "Berlin"]
[Date "2017.08.25"]
[Round "7"]
[White "Hesse, Henrik"]
[Black "Petersen, Soren Boeck"]
[Result "1-0"]
[WhiteElo "2124"]
[BlackElo "2226"]
[PlyCount "73"]
[EventDate "2017.08.19"]
[EventType "swiss"]
[EventRounds "9"]
[EventCountry "GER"]
[SourceTitle "CBM 180 Extra"]
[Source "ChessBase"]
[SourceDate "2017.10.06"]
[SourceVersion "1"]
[SourceVersionDate "2017.10.06"]
[SourceQuality "1"]

1. c4 e5 2. g3 Nf6 3. Bg2 d5 4. cxd5 Nxd5 5. Nc3 Nb6 6. Nf3 Nc6 7. d3 Be7 8. 0-0 0-0 9. a3 Be6 10. Be3 a5 11. Na4 Nd5 12. Bc5 b5 13. Bxe7 Qxe7 14. Rc1 Ra6 15. Nc5 Rb6 16. Nxe6 Qxe6 17. Rc5 Rd8 18. Ng5 Qe7 19. Bxd5 Qxc5 20. Bxf7+ Kh8 21. Ba2 Rd7 22. Qb3 Rb8 23. Qe6 Qd6 24. Qxd6 cxd6 25. Nf7+ Rxf7 26. Bxf7 g6 27. Rc1 Nd4 28. Kf1 Rb6 29. Bd5 Kg7 30. Rc7+ Kf6 31. h4 Ne6 32. Rxh7 b4 33. g4 e4 34. dxe4 bxa3 35. bxa3 Nf4 36. g5+ Ke5 37. Re7+ 1-0

[Event "Aegean op 38th"]
[Site "Aghios Kirykos"]
[Date "2015.07.13"]
[Round "3"]
[White "Tetepoulidis, Ioannis"]
[Black "Petersen, Soren Boeck"]
[Result "0-1"]
[WhiteElo "1863"]
[BlackElo "2247"]
[PlyCount "90"]
[EventDate "2015.07.11"]
[EventType "swiss"]
[EventRounds "9"]
[EventCountry "GRE"]
[SourceTitle "CBM 167 Extra"]
[Source "ChessBase"]
[SourceDate "2015.09.14"]
[SourceVersion "1"]
[SourceVersionDate "2015.09.14"]
[SourceQuality "1"]

1. e4 e6 2. d4 d5 3. Nc3 Bb4 4. e5 c5 5. Bd2 Ne7 6. Nb5 Bxd2+ 7. Qxd2 0-0 8. f4 a6 9. Nd6 cxd4 10. Nf3 Nbc6 11. Bd3 f6 12. 0-0 Bd7 13. Rae1 Nc8 14. Nxc8 Rxc8 15. Qf2 Qb6 16. c3 f5 17. Nxd4 Nxd4 18. cxd4 Bb5 19. Bxb5 Qxb5 20. Qd2 Rc6 21. Rc1 Rfc8 22. b3 h6 23. Rxc6 Qxc6 24. Qb4 Qc3 25. Qxc3 Rxc3 26. Rf3 Rc6 27. Rf2 Kf7 28. Rd2 g5 29. g4 Kg6 30. fxg5 Kxg5 31. gxf5 Kxf5 32. Kf2 Ke4 33. Kg3 Rc3+ 34. Kg4 Rd3 35. Re2+ Kxd4 36. Kh5 Rh3+ 37. Kg6 Kc3 38. Kf6 d4 39. Kxe6 d3 40. Re1 d2 41. Rg1 Kc2 42. Kf7 d1Q 43. Rxd1 Kxd1 44. e6 Rxh2 45. e7 Re2 0-1

[Event "Berlin Lichtenberger op 13th"]
[Site "Berlin"]
[Date "2014.08.24"]
[Round "9"]
[White "Lagunow, Raphael"]
[Black "Petersen, Soren Boeck"]
[Result "1-0"]
[WhiteElo "2121"]
[BlackElo "2256"]
[PlyCount "83"]
[EventDate "2014.08.16"]
[EventType "swiss"]
[EventRounds "9"]
[EventCountry "GER"]
[SourceTitle "CBM 161 Extra"]
[Source "ChessBase"]
[SourceDate "2014.08.29"]
[SourceVersion "1"]
[SourceVersionDate "2014.08.29"]
[SourceQuality "1"]

1. Nf3 d5 2. g3 Nf6 3. Bg2 e6 4. d4 Be7 5. 0-0 0-0 6. c4 dxc4 7. Ne5 c5 8. dxc5 Qc7 9. Nxc4 Qxc5 10. Nba3 Rd8 11. Qb3 Nc6 12. Be3 Qh5 13. h3 Qxe2 14. Nb5 Nd5 15. Bxa7 Nxa7 16. Nxa7 Qh5 17. Nxc8 Raxc8 18. a3 Rc7 19. Nb6 Bc5 20. Nxd5 exd5 21. Qd3 Qg6 22. Rad1 Qxd3 23. Rxd3 d4 24. Rc1 Rdd7 25. Bxb7 Ba7 26. Rxc7 Rxc7 27. Bf3 Kf8 28. Kg2 Ke7 29. Be4 Ke6 30. g4 g6 31. Rd2 f5 32. gxf5+ gxf5 33. Bd3 Kf6 34. Rc2 Rxc2 35. Bxc2 Ke5 36. Bd3 Bb8 37. Kf3 h6 38. a4 Bd6 39. a5 f4 40. a6 Bb8 41. Kg4 Kf6 42. b4 1-0

[Event "Berlin Lichtenberger op 13th"]
[Site "Berlin"]
[Date "2014.08.21"]
[Round "6"]
[White "Petersen, Soren Boeck"]
[Black "Kutschke, Jens"]
[Result "1-0"]
[WhiteElo "2256"]
[BlackElo "2014"]
[PlyCount "63"]
[EventDate "2014.08.16"]
[EventType "swiss"]
[EventRounds "9"]
[EventCountry "GER"]
[SourceTitle "CBM 161 Extra"]
[Source "ChessBase"]
[SourceDate "2014.08.29"]
[SourceVersion "1"]
[SourceVersionDate "2014.08.29"]
[SourceQuality "1"]

1. e4 e6 2. d4 d5 3. Nd2 Nf6 4. e5 Nfd7 5. Bd3 c5 6. c3 Nc6 7. Ne2 cxd4 8. cxd4 f6 9. exf6 Nxf6 10. Nf3 Bd6 11. 0-0 0-0 12. Bf4 Ne4 13. Bxd6 Qxd6 14. Re1 Rxf3 15. Bxe4 dxe4 16. gxf3 e5 17. dxe5 Qxe5 18. Ng3 Bh3 19. Qb3+ Kh8 20. Qxb7 Rc8 21. Rxe4 Qb8 22. Qxb8 Rxb8 23. Rc1 Rd8 24. Rce1 Bd7 25. b4 a6 26. Rd1 Kg8 27. a4 Kf7 28. b5 axb5 29. axb5 Nb8 30. Red4 g6 31. Ne4 Ke7 32. Nc5 1-0

[Event "Berlin Lichtenberger op 13th"]
[Site "Berlin"]
[Date "2014.08.16"]
[Round "1"]
[White "Mueller, Johannes1111"]
[Black "Petersen, Soren Boeck"]
[Result "0-1"]
[WhiteElo "1845"]
[BlackElo "2256"]
[PlyCount "64"]
[EventDate "2014.08.16"]
[EventType "swiss"]
[EventRounds "9"]
[EventCountry "GER"]
[SourceTitle "CBM 161 Extra"]
[Source "ChessBase"]
[SourceDate "2014.08.29"]
[SourceVersion "1"]
[SourceVersionDate "2014.08.29"]
[SourceQuality "1"]

1. e4 e6 2. d4 d5 3. e5 c5 4. c3 Nc6 5. Nf3 Bd7 6. a3 c4 7. h4 f6 8. g4 fxe5 9. dxe5 Bc5 10. Bh3 Qb6 11. 0-0 0-0-0 12. Qe2 Rf8 13. Re1 h5 14. g5 Nge7 15. Nbd2 Ng6 16. b4 Nf4 17. Qf1 Bxf2+ 18. Kh2 Bxe1 19. Qxe1 Nd3 20. Qe2 Ncxe5 21. Bg2 Ng4+ 22. Kh1 Ndf2+ 23. Kg1 Nh3+ 24. Kh1 Ngf2+ 25. Kh2 Nf4 26. Qf1 Ng4+ 27. Kh1 Ne3 28. Nxc4 Nxc4 29. Nd4 Nxg2 30. Qxg2 e5 31. Qxd5 exd4 32. Qxc4+ Qc6+ 0-1

[Event "Berlin Lichtenberger op 12th"]
[Site "Berlin"]
[Date "2013.08.24"]
[Round "8"]
[White "Simon, Ralf Axel"]
[Black "Petersen, Soren Boeck"]
[Result "1-0"]
[WhiteElo "2194"]
[BlackElo "2247"]
[PlyCount "63"]
[EventDate "2013.08.17"]
[EventType "swiss"]
[EventRounds "9"]
[EventCountry "GER"]
[SourceTitle "CBM 156 Extra"]
[Source "ChessBase"]
[SourceDate "2013.10.22"]
[SourceVersion "1"]
[SourceVersionDate "2013.10.22"]
[SourceQuality "1"]

1. Nf3 d5 2. c4 dxc4 3. e3 Nf6 4. Bxc4 e6 5. 0-0 c5 6. Qe2 a6 7. b3 b5 8. Bd3 Nc6 9. Nc3 Bb7 10. a4 b4 11. Ne4 Na5 12. Nxf6+ Qxf6 13. Rb1 Bd6 14. Ne1 e5 15. f4 e4 16. Bc2 Qe6 17. f5 Qd5 18. d3 exd3 19. Bxd3 Nxb3 20. Bb2 Na5 21. Bxg7 Rg8 22. e4 Qc6 23. e5 Rxg7 24. exd6+ Kf8 25. f6 Rg5 26. Nf3 Rg4 27. Qe7+ Kg8 28. d7 Rd4 29. Bxh7+ Kh8 30. Bf5 Rg8 31. Qxf7 Rg5 32. Qh7# 1-0

[Event "Berlin Lichtenberger op 11th"]
[Site "Berlin"]
[Date "2012.08.23"]
[Round "6"]
[White "Petersen, Soren Boeck"]
[Black "Kornrumpf, Joachim"]
[Result "1-0"]
[WhiteElo "2279"]
[BlackElo "2073"]
[PlyCount "65"]
[EventDate "2012.08.18"]
[EventType "swiss"]
[EventRounds "9"]
[EventCountry "GER"]
[SourceTitle "CBM 150 Extra"]
[Source "ChessBase"]
[SourceDate "2012.10.19"]
[SourceVersion "1"]
[SourceVersionDate "2012.10.19"]
[SourceQuality "1"]

1. e4 c5 2. c3 d6 3. d4 Nd7 4. Nf3 g6 5. Bc4 e6 6. 0-0 Bg7 7. Bf4 e5 8. Bg3 Qe7 9. b4 cxb4 10. cxb4 Ngf6 11. Nc3 0-0 12. Bb3 b6 13. Nd5 Nxd5 14. Bxd5 Ba6 15. Re1 Rac8 16. Qb3 Bb5 17. Rad1 Bc6 18. Bc4 Bb7 19. Bb5 exd4 20. Nxd4 Ne5 21. f4 Nc6 22. Nf3 a6 23. Bc4 a5 24. a3 axb4 25. axb4 Qc7 26. Bd5 b5 27. Kh1 Nd8 28. f5 Qc3 29. Bxd6 Bxd5 30. Qxd5 Re8 31. Qxb5 Nc6 32. Rc1 Qf6 33. Rxc6 1-0

[Event "Berlin Lichtenberger op 11th"]
[Site "Berlin"]
[Date "2012.08.22"]
[Round "5"]
[White "Meyer, Willfried"]
[Black "Petersen, Soren Boeck"]
[Result "0-1"]
[WhiteElo "1807"]
[BlackElo "2279"]
[PlyCount "50"]
[EventDate "2012.08.18"]
[EventType "swiss"]
[EventRounds "9"]
[EventCountry "GER"]
[SourceTitle "CBM 150 Extra"]
[Source "ChessBase"]
[SourceDate "2012.10.19"]
[SourceVersion "1"]
[SourceVersionDate "2012.10.19"]
[SourceQuality "1"]

1. e4 e6 2. Nf3 d5 3. e5 c5 4. b4 cxb4 5. a3 d4 6. Bb2 Nc6 7. Bb5 Bd7 8. 0-0 Bc5 9. axb4 Nxb4 10. Bxd7+ Qxd7 11. d3 Ne7 12. Nbd2 0-0 13. Ne4 b6 14. Qd2 Nbc6 15. Qg5 Ng6 16. Qh5 Be7 17. Bc1 Qd5 18. Nfg5 Bxg5 19. Nxg5 h6 20. Nxf7 Kxf7 21. f4 Nce7 22. g4 Kg8 23. f5 exf5 24. gxf5 Qxe5 25. Ba3 Rxf5 0-1

[Event "Berlin Lichtenberger op 9th"]
[Site "Berlin"]
[Date "2010.08.10"]
[Round "4"]
[White "Jahnz, Fabian"]
[Black "Petersen, Soren Boeck"]
[Result "1/2-1/2"]
[WhiteElo "2186"]
[BlackElo "2262"]
[PlyCount "48"]
[EventDate "2010.08.07"]
[EventType "swiss"]
[EventRounds "9"]
[EventCountry "GER"]
[SourceTitle "CBM 137 Extra"]
[Source "ChessBase"]
[SourceDate "2010.09.01"]
[SourceVersion "1"]
[SourceVersionDate "2010.09.01"]
[SourceQuality "1"]

1. e4 e6 2. d4 d5 3. Nc3 Bb4 4. exd5 exd5 5. Bd3 Nc6 6. a3 Bxc3+ 7. bxc3 Nge7 8. Qf3 Be6 9. Ne2 Qd7 10. 0-0 0-0-0 11. Rb1 h5 12. h3 Rdg8 13. Nf4 g5 14. Nxe6 fxe6 15. Qe2 Nf5 16. Re1 Rg6 17. g3 Qd6 18. Bd2 g4 19. h4 Rf8 20. Bf4 Qd7 21. Bg5 Nd8 22. Bf4 Rgf6 23. Bg5 Rg6 24. Bf4 Rgf6 1/2-1/2

[Event "Berlin Lichtenberger op 9th"]
[Site "Berlin"]
[Date "2010.08.07"]
[Round "1"]
[White "Petersen, Soren Boeck"]
[Black "Schulz, Toni1111"]
[Result "1-0"]
[WhiteElo "2262"]
[BlackElo "1857"]
[PlyCount "33"]
[EventDate "2010.08.07"]
[EventType "swiss"]
[EventRounds "9"]
[EventCountry "GER"]
[SourceTitle "CBM 137 Extra"]
[Source "ChessBase"]
[SourceDate "2010.09.01"]
[SourceVersion "1"]
[SourceVersionDate "2010.09.01"]
[SourceQuality "1"]

1. e4 d5 2. exd5 Qxd5 3. Nc3 Qa5 4. d4 Nf6 5. Nf3 c6 6. Bc4 Bf5 7. Bd2 e6 8. Nd5 Qd8 9. Nxf6+ Qxf6 10. Qe2 Nd7 11. 0-0-0 b5 12. Bb3 a5 13. d5 cxd5 14. Bg5 Qg6 15. Rxd5 Be7 16. Bxe7 Kxe7 17. Rxd7+ 1-0

[Event "Berlin Lichtenberger op 8th"]
[Site "Berlin"]
[Date "2009.08.19"]
[Round "5"]
[White "Petersen, Soren Boeck"]
[Black "Welz, Peter"]
[Result "1-0"]
[WhiteElo "2263"]
[BlackElo "2101"]
[PlyCount "35"]
[EventDate "2009.08.15"]
[EventType "swiss"]
[EventRounds "9"]
[EventCountry "GER"]
[SourceTitle "CBM 131 Extra"]
[Source "ChessBase"]
[SourceDate "2009.09.03"]
[SourceVersion "2"]
[SourceVersionDate "2009.09.16"]
[SourceQuality "1"]

1. e4 e6 2. d4 d5 3. e5 c5 4. c3 Nc6 5. Nf3 Qb6 6. Be2 Nh6 7. Bxh6 Qxb2 8. Be3 Qxa1 9. Qc2 a5 10. 0-0 cxd4 11. Nxd4 Nb4 12. cxb4 axb4 13. Bb5+ Bd7 14. Bxd7+ Kxd7 15. Rc1 Qxa2 16. Qc7+ Ke8 17. Nb5 Qa6 18. Nd6+ 1-0

[Event "Berlin Lichtenberger op 8th"]
[Site "Berlin"]
[Date "2009.08.18"]
[Round "4"]
[White "Neumann, Joachim"]
[Black "Petersen, Soren Boeck"]
[Result "1/2-1/2"]
[WhiteElo "2191"]
[BlackElo "2263"]
[PlyCount "24"]
[EventDate "2009.08.15"]
[EventType "swiss"]
[EventRounds "9"]
[EventCountry "GER"]
[SourceTitle "CBM 131 Extra"]
[Source "ChessBase"]
[SourceDate "2009.09.03"]
[SourceVersion "2"]
[SourceVersionDate "2009.09.16"]
[SourceQuality "1"]

1. e4 e6 2. d4 d5 3. Nc3 Bb4 4. Nge2 dxe4 5. a3 Be7 6. Nxe4 Nc6 7. Be3 Nf6 8. Qd3 0-0 9. 0-0-0 Rb8 10. Nxf6+ Bxf6 11. d5 exd5 12. Qxd5 Qxd5 1/2-1/2

[Event "Berlin Lichtenberger op 7th"]
[Site "Berlin"]
[Date "2008.08.23"]
[Round "8"]
[White "Zschaebitz, Klaus"]
[Black "Petersen, Soren Boeck"]
[Result "0-1"]
[WhiteElo "2103"]
[BlackElo "2242"]
[PlyCount "118"]
[EventDate "2008.08.16"]
[EventType "swiss"]
[EventRounds "9"]
[EventCountry "GER"]
[SourceTitle "CBM 126 Extra"]
[Source "ChessBase"]
[SourceDate "2008.11.05"]
[SourceVersion "1"]
[SourceVersionDate "2008.11.05"]
[SourceQuality "1"]

1. d4 d5 2. Nf3 Nf6 3. e3 g6 4. c4 Bg7 5. Nc3 0-0 6. Be2 b6 7. 0-0 Bb7 8. Bd2 Nbd7 9. Rc1 c5 10. cxd5 Nxd5 11. Bc4 Nxc3 12. bxc3 Rc8 13. Qe2 Nf6 14. Rfd1 Qc7 15. Ba6 Ne4 16. Bxb7 Qxb7 17. a4 Rfd8 18. Be1 Rc7 19. Rb1 Rdc8 20. a5 Nd6 21. h4 b5 22. h5 Nc4 23. hxg6 hxg6 24. e4 cxd4 25. cxd4 a6 26. Bb4 Rd7 27. Rd3 Rcd8 28. Rbd1 Qc7 29. e5 e6 30. Ng5 Nxe5 31. Nxe6 fxe6 32. dxe5 Rxd3 33. Rxd3 Rxd3 34. Qxd3 Qc1+ 35. Qf1 Qxf1+ 36. Kxf1 Bxe5 37. Ke2 Kf7 38. Kd3 Ke8 39. Ke4 Bc7 40. f3 Kd7 41. Kd4 Bd6 42. Be1 Kc6 43. Bd2 e5+ 44. Kc3 Kd5 45. Be1 Bc5 46. Kb3 e4 47. fxe4+ Kxe4 48. Bh4 Kd3 49. Bd8 Be3 50. Kb4 Bd2+ 51. Kb3 g5 52. g4 Ke4 53. Kc2 Bf4 54. Be7 Kf3 55. Kc3 Kxg4 56. Kd4 Kf3 57. Kc5 Be3+ 58. Kc6 g4 59. Kb7 g3 0-1

[Event "Berlin Lichtenberger op 7th"]
[Site "Berlin"]
[Date "2008.08.18"]
[Round "3"]
[White "Petersen, Soren Boeck"]
[Black "Ozeran, Volodymyr"]
[Result "0-1"]
[WhiteElo "2242"]
[BlackElo "1967"]
[PlyCount "144"]
[EventDate "2008.08.16"]
[EventType "swiss"]
[EventRounds "9"]
[EventCountry "GER"]
[SourceTitle "CBM 126 Extra"]
[Source "ChessBase"]
[SourceDate "2008.11.05"]
[SourceVersion "1"]
[SourceVersionDate "2008.11.05"]
[SourceQuality "1"]

1. e4 c6 2. d4 d5 3. Nc3 dxe4 4. Nxe4 Nd7 5. Ng5 Ngf6 6. Bd3 e6 7. N1f3 h6 8. Nxe6 fxe6 9. Bg6+ Ke7 10. 0-0 Qc7 11. Re1 Kd8 12. c4 Bb4 13. Re2 Nf8 14. Ne5 Nxg6 15. Nxg6 Re8 16. c5 Qf7 17. Ne5 Qh5 18. Nc4 b5 19. Nd6 Re7 20. Bf4 Ba5 21. Qc2 Ne8 22. a4 b4 23. Qc4 Nc7 24. Re5 Qg4 25. Bg3 Ba6 26. Qc2 Nd5 27. Rd1 g5 28. f3 Qh5 29. Qe4 Kd7 30. Re1 Nc7 31. Nf5 Rae8 32. Nxe7 Rxe7 33. h4 b3 34. Rd1 Bc4 35. hxg5 hxg5 36. Qe3 Rg7 37. Re4 Nd5 38. Qc1 Ba6 39. Kf2 Qf7 40. Be5 Nf6 41. Bxf6 Qxf6 42. Rg4 Qf5 43. Re4 g4 44. Qf4 Qxf4 45. Rxf4 g3+ 46. Ke3 Bc7 47. Rg4 Rf7 48. f4 Ke7 49. Rh1 Bc4 50. Rhh4 Ba5 51. Rh1 Bc7 52. Rh3 Ba5 53. Rh1 Bc7 54. Kf3 Bd5+ 55. Kxg3 Be4 56. Re1 Bf5 57. Rh4 Ba5 58. Re3 Bd2 59. Re2 Bc1 60. Rh1 Rg7+ 61. Kf2 Bxf4 62. Rh8 Bd3 63. Ra8 Bxe2 64. Kxe2 Bc1 65. Kd3 Rg3+ 66. Kc4 Bxb2 67. Rxa7+ Kf6 68. Rb7 Rc3+ 69. Kb4 Ba1 70. Ka3 b2+ 71. Ka2 Rc4 72. Ra7 Rc1 0-1

[Event "Politiken Cup 28th"]
[Site "Copenhagen"]
[Date "2006.07.25"]
[Round "4"]
[White "Petersen, Soren Boeck"]
[Black "De Firmian, Nick E"]
[Result "0-1"]
[WhiteElo "2244"]
[BlackElo "2559"]
[PlyCount "82"]
[EventDate "2006.07.22"]
[EventType "swiss"]
[EventRounds "9"]
[EventCountry "DEN"]
[SourceTitle "CBM 113 Extra"]
[Source "ChessBase"]
[SourceDate "2006.09.14"]
[SourceVersion "1"]
[SourceVersionDate "2006.09.14"]
[SourceQuality "1"]

1. e4 Nf6 2. e5 Nd5 3. d4 d6 4. Nf3 g6 5. Bc4 c6 6. 0-0 Bg7 7. exd6 Qxd6 8. Nbd2 0-0 9. Bb3 Nd7 10. Nc4 Qc7 11. Re1 N7f6 12. Nce5 Ng4 13. Qe2 Nxe5 14. Nxe5 Be6 15. c3 Rad8 16. h4 Bf5 17. h5 c5 18. hxg6 hxg6 19. Qf3 cxd4 20. cxd4 Qd6 21. Bd2 Be6 22. Rac1 Qb8 23. Rc5 Qd6 24. Ba5 Bxe5 25. Rxe5 Nb6 26. Bxe6 fxe6 27. Qe4 Rf6 28. Bxb6 Qxb6 29. b3 Kf7 30. Rc4 Rh8 31. Rec5 Rf5 32. g4 Rf6 33. d5 Qd6 34. dxe6+ Kg7 35. Qd4 Qh2+ 36. Kf1 Rd8 37. Qe3 Rd3 38. Qe1 Qh1+ 39. Ke2 Qf3+ 40. Kf1 Rd1 41. g5 Qxf2# 0-1

[Event "Politiken Cup 28th"]
[Site "Copenhagen"]
[Date "2006.07.24"]
[Round "3"]
[White "Petersen, Soren Boeck"]
[Black "Tandrup, Michael"]
[Result "1-0"]
[WhiteElo "2244"]
[BlackElo "2028"]
[PlyCount "83"]
[EventDate "2006.07.22"]
[EventType "swiss"]
[EventRounds "9"]
[EventCountry "DEN"]
[SourceTitle "CBM 113 Extra"]
[Source "ChessBase"]
[SourceDate "2006.09.14"]
[SourceVersion "1"]
[SourceVersionDate "2006.09.14"]
[SourceQuality "1"]

1. e4 e6 2. d4 d5 3. e5 c5 4. c3 Nc6 5. Nf3 Nge7 6. Bd3 Nf5 7. 0-0 cxd4 8. Bxf5 exf5 9. Nxd4 Nxd4 10. Qxd4 Be7 11. Nd2 0-0 12. Nb3 b6 13. Rd1 Be6 14. Be3 Rc8 15. Qd3 Qc7 16. Bd4 Rfd8 17. Nc1 Bf8 18. Ne2 Qe7 19. Qg3 g6 20. Nf4 Kh8 21. h4 h5 22. a4 Kh7 23. a5 b5 24. Be3 a6 25. Nh3 Bh6 26. Rd4 Rc4 27. Rad1 Bxe3 28. Qxe3 Rxd4 29. Rxd4 Rc8 30. Nf4 Rd8 31. Qf3 Qc7 32. Rd3 Kg7 33. Qg3 Kh7 34. Qg5 Rd7 35. Nxh5 Qxe5 36. Nf6+ Kg7 37. Nxd7 Bxd7 38. Re3 Qb8 39. h5 Qd6 40. hxg6 Qxg6 41. Qxg6+ Kxg6 42. Re7 1-0

[Event "Politiken Cup 27th"]
[Site "Copenhagen"]
[Date "2005.07.24"]
[Round "10"]
[White "Petersen, Soren Boeck"]
[Black "Sigfusson, Sigurdur Dadi"]
[Result "1/2-1/2"]
[WhiteElo "2217"]
[BlackElo "2344"]
[PlyCount "59"]
[EventDate "2005.07.16"]
[EventType "swiss"]
[EventRounds "10"]
[EventCountry "DEN"]
[SourceTitle "CBM 107 Extra"]
[Source "ChessBase"]
[SourceDate "2005.09.01"]
[SourceVersion "1"]
[SourceVersionDate "2005.09.01"]
[SourceQuality "1"]

1. e4 e5 2. Nf3 Nc6 3. d4 exd4 4. Nxd4 Bc5 5. Be3 Qf6 6. c3 Nge7 7. Bc4 0-0 8. 0-0 Qg6 9. Nd2 Bxd4 10. Bxd4 Nxd4 11. cxd4 d5 12. exd5 Bg4 13. f3 Bh3 14. Rf2 Rad8 15. Qb3 Bc8 16. Re1 Nf5 17. Qc3 Qb6 18. Nb3 Qf6 19. Rfe2 b6 20. Bd3 Rxd5 21. Qxc7 Nxd4 22. Re8 Be6 23. Bxh7+ Kxh7 24. Rxf8 Nxf3+ 25. gxf3 Rg5+ 26. Kf2 Qxb2+ 27. Re2 Rg2+ 28. Kxg2 Qxe2+ 29. Kg3 Qe1+ 30. Kg2 1/2-1/2